[Event "International Championship of Central S"]
[Site "Paracin"]
[Date "2014.07.05"]
[Round "2.25"]
[White "Radovic, Stefan"]
[Black "Popchev, Milko"]
[Result "1-0"]
[WhiteElo "2072"]
[BlackElo "2331"]
[PlyCount "62"]
[EventDate "2014.07.04"]

1. c4 b6 2. Nc3 Bb7 3. e3 g6 4. Nf3 Bg7 5. Be2 d6 6. d4 Nd7 7. O-O Ngf6 8. b3
O-O 9. Bb2 e6 10. Qc2 Qe7 11. Rfd1 d5 12. Ne5 dxc4 13. Nxd7 Nxd7 14. Bxc4 a6
15. d5 b5 16. dxe6 bxc4 17. exd7 Rad8 18. Nd5 Bxd5 19. Rxd5 cxb3 20. axb3 Rxd7
21. Rxd7 Qxd7 22. Bxg7 Kxg7 23. Rxa6 Rb8 24. Ra7 Rd8 25. h4 Qd1+ 26. Qxd1 Rxd1+
27. Kh2 Rb1 28. Rxc7 Rxb3 29. e4 h5 30. f3 Kf6 31. Kg3 Rb2 1-0

[Event "International Championship of Central S"]
[Site "Paracin"]
[Date "2014.07.05"]
[Round "2.26"]
[White "Lekic, Lazar"]
[Black "Carnic, Srdjan"]
[Result "1-0"]
[WhiteElo "2081"]
[BlackElo "2324"]
[PlyCount "79"]
[EventDate "2014.07.04"]

1. e4 c5 2. Nf3 Nc6 3. d4 cxd4 4. Nxd4 g6 5. c4 Nf6 6. Nc3 d6 7. f3 Nxd4 8.
Qxd4 Bg7 9. Be3 O-O 10. Qd2 Be6 11. Rc1 Qa5 12. Nd5 Qxa2 13. Nxe7+ Kh8 14. Be2
Ng8 15. Nd5 Bxd5 16. cxd5 f5 17. Bd4 Rac8 18. O-O fxe4 19. Bxg7+ Kxg7 20. Qd4+
Nf6 21. Rxc8 Rxc8 22. fxe4 Rf8 23. Qb4 Ne8 24. Qxb7+ Kg8 25. Qb4 a5 26. Qd4
Rxf1+ 27. Bxf1 Qb3 28. Bc4 Qb4 29. Kf2 Nc7 30. b3 a4 31. bxa4 Qxa4 32. e5 Nb5
33. Qe4 Na3 34. Bd3 Qxe4 35. Bxe4 dxe5 36. Bd3 Kf7 37. Ke3 Ke7 38. Ke4 Kf6 39.
g3 h6 40. h3 1-0

[Event "International Championship of Central S"]
[Site "Paracin"]
[Date "2014.07.05"]
[Round "2.27"]
[White "Popovic, Aleksandar M"]
[Black "Jandric, Damjan"]
[Result "1-0"]
[WhiteElo "2323"]
[BlackElo "2060"]
[PlyCount "71"]
[EventDate "2014.07.04"]

1. g3 Nf6 2. Bg2 g6 3. e4 d6 4. d4 e5 5. Ne2 Bg7 6. O-O Nc6 7. h3 O-O 8. Nbc3
Nd7 9. dxe5 dxe5 10. Be3 b6 11. Qd2 Ba6 12. Rfd1 Nf6 13. Qe1 Qc8 14. g4 Ne7 15.
f4 Nd7 16. f5 Bb7 17. Qg3 f6 18. fxg6 hxg6 19. Qh4 Rf7 20. Rf1 Nf8 21. Nd5 Nxd5
22. exd5 c6 23. Nc3 cxd5 24. Nxd5 Qe6 25. c4 Rc8 26. b3 b5 27. Rac1 bxc4 28.
bxc4 Ba8 29. Rf2 Nh7 30. Be4 Nf8 31. Rcf1 Rxc4 32. Nxf6+ Bxf6 33. Rxf6 Rxf6 34.
Rxf6 Qc8 35. Bxa8 Qxa8 36. Bh6 1-0

[Event "International Championship of Central S"]
[Site "Paracin"]
[Date "2014.07.05"]
[Round "2.28"]
[White "Doric, Nenad"]
[Black "Stojkovska, Monika"]
[Result "1-0"]
[WhiteElo "2316"]
[BlackElo "2040"]
[PlyCount "75"]
[EventDate "2014.07.04"]

1. d4 Nf6 2. c4 e6 3. Nc3 Bb4 4. e3 O-O 5. Nge2 d5 6. a3 Bd6 7. Ng3 Re8 8. b4
a5 9. b5 dxc4 10. Bxc4 c6 11. O-O Nbd7 12. e4 Nb6 13. Be2 Be7 14. bxc6 bxc6 15.
Be3 Ba6 16. Bxa6 Rxa6 17. e5 Nfd5 18. Nce4 Nd7 19. Qe2 Rb6 20. Rfc1 Qb8 21. Nf1
Rc8 22. Nfd2 Rb2 23. Qa6 N7b6 24. Rab1 Rxb1 25. Rxb1 Qc7 26. Qd3 a4 27. Rc1 Qb7
28. Nc5 Bxc5 29. Rxc5 Nd7 30. Rc4 N7b6 31. Rc1 Ra8 32. Ne4 Nxe3 33. fxe3 Nd5
34. Rb1 Qc7 35. Nc5 Nb6 36. Rb4 Qa7 37. Qb1 Nd5 38. Rb7 1-0

[Event "International Championship of Central S"]
[Site "Paracin"]
[Date "2014.07.05"]
[Round "2.29"]
[White "Pantelic, Sasa"]
[Black "Manelidou, Maria"]
[Result "1-0"]
[WhiteElo "2312"]
[BlackElo "2071"]
[PlyCount "133"]
[EventDate "2014.07.04"]

1. d4 d5 2. c4 c6 3. cxd5 cxd5 4. Nc3 Nf6 5. Bf4 Nc6 6. e3 a6 7. Bd3 e6 8. Nf3
Bd6 9. Bg5 Bd7 10. O-O h6 11. Bh4 O-O 12. Rc1 Rc8 13. e4 dxe4 14. Nxe4 Be7 15.
Nc5 Bxc5 16. dxc5 Nb4 17. Bb1 Bb5 18. Re1 Qxd1 19. Rexd1 Be2 20. Rd4 Nbd5 21.
Ne5 Rfd8 22. f3 Bb5 23. Ng4 Bc6 24. Be4 Nf4 25. Nxf6+ gxf6 26. Bh7+ Kxh7 27.
Rxf4 Rd2 28. Bxf6 Rc7 29. Rg4 h5 30. Rg5 Rd5 31. Be5 Rcd7 32. h4 Kh6 33. Kh2 f5
34. Bc3 f4 35. Re1 Rxg5 36. hxg5+ Kxg5 37. Re5+ Kf6 38. Rxh5+ Kg6 39. Re5 Bd5
40. a3 Rh7+ 41. Kg1 Rh5 42. Re1 Rf5 43. Kf2 Rh5 44. Be5 Rh4 45. Bd6 Kf5 46. b4
Kf6 47. a4 Bc6 48. Bc7 Kf7 49. Rd1 Kg6 50. Re1 Kf7 51. a5 Bd5 52. Rb1 Ke7 53.
b5 axb5 54. Rxb5 Kd7 55. Bd6 Rh7 56. Rb4 Kc6 57. Rb6+ Kd7 58. Bxf4 Rh1 59. Rd6+
Ke7 60. a6 bxa6 61. Rxa6 Rb1 62. c6 Rb2+ 63. Kg3 Rc2 64. c7 Kd7 65. Rd6+ Kc8
66. Rd8+ Kb7 67. Rb8+ 1-0

[Event "International Championship of Central S"]
[Site "Paracin"]
[Date "2014.07.05"]
[Round "2.30"]
[White "Kosic, Dragan"]
[Black "Zlatanovic, Zoran"]
[Result "1-0"]
[WhiteElo "2493"]
[BlackElo "2188"]
[PlyCount "57"]
[EventDate "2014.07.04"]

1. d4 Nf6 2. Nf3 e6 3. e3 c5 4. Bd3 b6 5. c4 d6 6. Nc3 a6 7. a4 Nc6 8. O-O Be7
9. d5 Nb4 10. Bb1 exd5 11. cxd5 Bg4 12. e4 O-O 13. h3 Bxf3 14. Qxf3 Nd7 15. Bf4
Ne5 16. Qe2 Bf6 17. Bh2 Re8 18. Ra3 Qc7 19. f4 Ng6 20. Qd2 c4 21. Kh1 Rab8 22.
Bg1 Qc8 23. e5 dxe5 24. Ne4 c3 25. bxc3 Qc4 26. Rd1 Nxd5 27. Nd6 Qxf4 28. Nxe8
Rxe8 29. Qxd5 1-0

[Event "International Championship of Central S"]
[Site "Paracin"]
[Date "2014.07.05"]
[Round "2.31"]
[White "Petrisor, Adrian-Marian"]
[Black "Djokic, Nebojsa"]
[Result "1-0"]
[WhiteElo "2441"]
[BlackElo "2186"]
[PlyCount "151"]
[EventDate "2014.07.04"]

1. d4 Nf6 2. c4 g6 3. Nc3 Bg7 4. e4 d6 5. f3 O-O 6. Be3 Nc6 7. Nge2 a6 8. Qd2
Re8 9. Rc1 e5 10. d5 Na5 11. b3 h5 12. Bg5 b6 13. h3 Qd7 14. g4 hxg4 15. hxg4
Nh7 16. Bh6 f6 17. Ng3 Bxh6 18. Rxh6 Qg7 19. Qh2 Bd7 20. Be2 Ng5 21. Kf2 Kf7
22. Rh1 Rg8 23. Bd3 Ke7 24. Ke3 Nb7 25. Nce2 Qf8 26. f4 Nf7 27. Rh7 Rh8 28.
fxe5 dxe5 29. g5 fxg5 30. Nf5+ Kf6 31. Ng7 Rxh7 32. Qxh7 Qc5+ 33. Kd2 Rh8 34.
Nh5+ Ke7 35. Qxg6 Qd6 36. Qxd6+ cxd6 37. Neg3 Bg4 38. Be2 Bxe2 39. Kxe2 Nc5 40.
b4 Nd7 41. Rf1 Nh6 42. Ng7 Nf6 43. Rh1 Nf7 44. Rxh8 Nxh8 45. Ne6 g4 46. c5 dxc5
47. bxc5 bxc5 48. Nf5+ Ke8 49. Nxc5 Nf7 50. a4 a5 51. Ke3 Nd8 52. Nd6+ Ke7 53.
Nc4 Nf7 54. Nxa5 Kd6 55. Nab7+ Kc7 56. a5 Ng5 57. d6+ Kb8 58. Nd8 g3 59. d7
Nxd7 60. Nxd7+ Ka7 61. Nc6+ Ka6 62. Nc5+ Kb5 63. a6 Nxe4 64. Kf3 Nd2+ 65. Kxg3
Nc4 66. Nxe5 Nb6 67. a7 Na8 68. Ned7 Kc6 69. Kf4 Nc7 70. Ke5 Na8 71. Ke6 Nc7+
72. Ke7 Na8 73. Kd8 Nc7 74. Kc8 Na8 75. Kb8 Nc7 76. Ne5+ 1-0

[Event "International Championship of Central S"]
[Site "Paracin"]
[Date "2014.07.05"]
[Round "2.32"]
[White "Yordanov, Nikolay"]
[Black "Milenkovic, Mladen"]
[Result "0-1"]
[WhiteElo "2177"]
[BlackElo "2344"]
[PlyCount "110"]
[EventDate "2014.07.04"]

1. e4 c5 2. c3 Nf6 3. e5 Nd5 4. Nf3 Nc6 5. Bc4 Nb6 6. Bb3 g6 7. d4 cxd4 8. cxd4
Bg7 9. Bf4 d6 10. exd6 exd6 11. Qe2+ Qe7 12. Qxe7+ Kxe7 13. Nc3 Bg4 14. Nb5
Bxf3 15. Bxd6+ Kd7 16. gxf3 a6 17. Bc5 axb5 18. Bxb6 Ra6 19. Bc5 b6 20. O-O-O
bxc5 21. dxc5+ Nd4 22. Rxd4+ Bxd4 23. Rd1 Rc8 24. Rxd4+ Ke7 25. Kd2 Rxc5 26.
Ke3 Re5+ 27. Kf4 Re2 28. Re4+ Rxe4+ 29. fxe4 f6 30. Ke3 Rc6 31. Kd2 g5 32. a3
Kd6 33. Bd1 Kc5 34. Kc3 Re6 35. Bg4 Re7 36. Kd3 Kd6 37. f3 Rc7 38. b3 Rc1 39.
Kd2 Rb1 40. Kc2 Rf1 41. Kc3 Kc5 42. Bh5 Rc1+ 43. Kd3 b4 44. axb4+ Kxb4 45. Bf7
Rd1+ 46. Ke3 Rb1 47. h3 Kc3 48. Kf2 Kd4 49. Kg3 Kc3 50. Kg4 Rf1 51. e5 fxe5 52.
Bd5 Rg1+ 53. Kf5 Kd4 54. Bg8 Rg3 55. Bxh7 Rxh3 0-1

[Event "International Championship of Central S"]
[Site "Paracin"]
[Date "2014.07.05"]
[Round "2.33"]
[White "Cvetkovic, Srdjan"]
[Black "Tscharotschkin, Michael"]
[Result "1-0"]
[WhiteElo "2325"]
[BlackElo "2179"]
[PlyCount "75"]
[EventDate "2014.07.04"]

1. c4 e6 2. d4 d5 3. Nc3 c6 4. e3 f5 5. Bd2 Nf6 6. Bd3 Bd6 7. f4 O-O 8. Nf3 Bd7
9. O-O Ne4 10. Be1 Be8 11. Bh4 Be7 12. Bxe7 Qxe7 13. Qb3 Bh5 14. Bxe4 fxe4 15.
Ne5 Kh8 16. Rf2 Na6 17. c5 Rf6 18. g4 Bg6 19. Raf1 Qc7 20. Qa4 Nb8 21. b4 Nd7
22. b5 Be8 23. bxc6 Nxe5 24. dxe5 Rf8 25. Qd4 bxc6 26. Ne2 Bd7 27. f5 Rae8 28.
f6 gxf6 29. Rxf6 Rxf6 30. Rxf6 Rg8 31. h3 Rg5 32. Nf4 Qxe5 33. Nh5 Kg8 34. Qd2
Qc7 35. Qf2 Qd8 36. Qf4 Rg6 37. Rxg6+ hxg6 38. Qf6 1-0

[Event "International Championship of Central S"]
[Site "Paracin"]
[Date "2014.07.05"]
[Round "2.34"]
[White "Djordjevic, Gradimir"]
[Black "Sarenac, David"]
[Result "1/2-1/2"]
[WhiteElo "2160"]
[BlackElo "2304"]
[PlyCount "101"]
[EventDate "2014.07.04"]

1. d4 Nf6 2. Nf3 g6 3. c4 Bg7 4. Nc3 d5 5. e3 O-O 6. h3 c5 7. dxc5 Qa5 8. Qa4
Qxc5 9. Qb5 Qxb5 10. cxb5 Nbd7 11. Be2 b6 12. O-O Bb7 13. Rb1 Rac8 14. Rd1 e5
15. Ne1 Rfd8 16. Nc2 Nc5 17. Bf3 Ne6 18. Nb4 e4 19. Be2 d4 20. exd4 Nxd4 21.
Be3 Nxe2+ 22. Nxe2 Nd5 23. Nxd5 Bxd5 24. b3 Bb7 25. Rxd8+ Rxd8 26. Rc1 Be5 27.
g3 Kf8 28. a4 Rd3 29. Bf4 Bb2 30. Rb1 Ba3 31. Be3 Bd5 32. Nf4 Rxb3 33. Rd1 Bc4
34. Rd8+ Kg7 35. Ra8 Rb1+ 36. Kh2 Bb4 37. Rxa7 Ba5 38. Rb7 Bb3 39. h4 h6 40.
Bd4+ Kf8 41. Bf6 Ke8 42. Re7+ Kf8 43. Rxe4 Re1 44. Rd4 Re8 45. g4 Bc3 46. Rd6
Ba5 47. Bd4 Rb8 48. Nd5 Bxa4 49. Bxb6 Bxb6 50. Rxb6 Rxb6 51. Nxb6 1/2-1/2

[Event "International Championship of Central S"]
[Site "Paracin"]
[Date "2014.07.05"]
[Round "2.35"]
[White "Dezelin, Milan"]
[Black "Todorovic, Nenad I"]
[Result "1/2-1/2"]
[WhiteElo "2298"]
[BlackElo "2173"]
[PlyCount "39"]
[EventDate "2014.07.04"]

1. d4 Nf6 2. c4 e6 3. Nc3 Bb4 4. e3 O-O 5. Nge2 d5 6. a3 Be7 7. Nf4 c6 8. Bd3
dxc4 9. Bxc4 Nbd7 10. Nh5 c5 11. Nxf6+ Bxf6 12. Ne4 cxd4 13. exd4 Nb6 14. Nxf6+
Qxf6 15. Bd3 Bd7 16. Qh5 h6 17. Qe5 Qxe5+ 18. dxe5 Bc6 19. Ke2 Nd7 20. Bf4
1/2-1/2

[Event "International Championship of Central S"]
[Site "Paracin"]
[Date "2014.07.05"]
[Round "2.36"]
[White "Ratkovic, Milovan"]
[Black "Radovic, Janko"]
[Result "1/2-1/2"]
[WhiteElo "2295"]
[BlackElo "2150"]
[PlyCount "65"]
[EventDate "2014.07.04"]

1. d4 Nf6 2. Nf3 g6 3. Nc3 d5 4. Bf4 Bg7 5. e3 O-O 6. Be2 c6 7. Ne5 Nbd7 8. h4
h6 9. Bf3 Nxe5 10. Bxe5 Nd7 11. Bxg7 Kxg7 12. Qd2 Nf6 13. h5 g5 14. e4 dxe4 15.
Nxe4 Nxe4 16. Bxe4 Be6 17. O-O-O Qd6 18. Kb1 Rad8 19. Qe3 Rd7 20. g3 Bd5 21.
Bxd5 Qxd5 22. f4 Rfd8 23. a3 g4 24. c3 c5 25. dxc5 Qf5+ 26. Kc1 Rxd1+ 27. Rxd1
Rxd1+ 28. Kxd1 Qb1+ 29. Kd2 Qxb2+ 30. Kd3 Qb5+ 31. Kc2 Qa5 32. Kd2 Qxa3 33.
Qe5+ 1/2-1/2

[Event "International Championship of Central S"]
[Site "Paracin"]
[Date "2014.07.05"]
[Round "2.37"]
[White "Kuzmanovic, Slobodan"]
[Black "Nielsen, Rogvi Egilstoft"]
[Result "1/2-1/2"]
[WhiteElo "2120"]
[BlackElo "2288"]
[PlyCount "194"]
[EventDate "2014.07.04"]

1. e4 d5 2. exd5 Nf6 3. Nc3 Nxd5 4. Bc4 Nb6 5. Bb3 c5 6. d3 Bf5 7. Qf3 Qd7 8.
Be3 e6 9. Ne4 Na6 10. Ne2 Rc8 11. N4g3 Bg6 12. h4 h6 13. Nf4 Bh7 14. Qh5 c4 15.
dxc4 Bc5 16. Rd1 Qe7 17. Bxc5 Nxc5 18. O-O O-O 19. Rfe1 Qc7 20. Qg4 a5 21. a4
Kh8 22. Ngh5 Rg8 23. Qf3 Nbxa4 24. Bxa4 Nxa4 25. Nd3 Bxd3 26. Rxd3 b6 27. b3
Nc5 28. Rd4 Rce8 29. Red1 e5 30. Rd6 Re6 31. Rxe6 Nxe6 32. Rd5 Re8 33. Qe4 f6
34. f4 exf4 35. Qg6 Rf8 36. Qf5 Qe7 37. Nxf4 Nxf4 38. Qxf4 Re8 39. Kh2 Qe2 40.
Rd2 Qh5 41. Rd5 Qg6 42. Qf5 Qxf5 43. Rxf5 Re2 44. Rb5 Rxc2 45. Rxb6 a4 46. bxa4
Rxc4 47. Kh3 Rxa4 48. Rb7 Ra5 49. g3 Kh7 50. Rc7 Kg6 51. Rb7 Re5 52. Ra7 Kh7
53. Rb7 Kg8 54. Kg4 h5+ 55. Kf4 Kf8 56. Ra7 Rd5 57. Rb7 Re5 58. Ra7 Re7 59. Ra5
g6 60. Ra6 Kf7 61. Rb6 Kg7 62. Ra6 Rc7 63. Rb6 Rc4+ 64. Kf3 Rc7 65. Kf4 Kf7 66.
Ra6 Rc4+ 67. Kf3 Rc3+ 68. Kf4 Rc4+ 69. Kf3 Rc5 70. Rb6 Ke7 71. Ra6 Rb5 72. Rc6
Ra5 73. Rb6 Rd5 74. Ke4 Re5+ 75. Kf4 g5+ 76. hxg5 Rxg5 77. Rb7+ Ke6 78. Rb6+
Kf7 79. Kf3 Kg6 80. Rb4 Rc5 81. Ra4 Rc2 82. Ra5 Rc1 83. Rb5 Rf1+ 84. Kg2 Re1
85. Kf3 Re5 86. Rb4 Kg5 87. Ra4 Rb5 88. Rc4 Rb3+ 89. Kg2 Re3 90. Ra4 Kf5 91.
Rf4+ Kg5 92. Ra4 f5 93. Ra8 Re6 94. Kf3 Rh6 95. Rg8+ Rg6 96. Ra8 Kh6 97. Kf4
Rg5 1/2-1/2

[Event "International Championship of Central S"]
[Site "Paracin"]
[Date "2014.07.05"]
[Round "2.38"]
[White "Stefanov, Emil"]
[Black "Todic, Zoran"]
[Result "1-0"]
[WhiteElo "2061"]
[BlackElo "2267"]
[PlyCount "105"]
[EventDate "2014.07.04"]

1. d4 Nf6 2. c4 d6 3. Nc3 Nbd7 4. e4 e5 5. Nf3 Be7 6. Be2 c6 7. h3 h6 8. Be3
Qc7 9. Qd2 a6 10. a4 b6 11. Bd3 exd4 12. Nxd4 Ne5 13. Be2 c5 14. Nc2 Bb7 15. f3
Nh5 16. O-O Ng3 17. Rfd1 g5 18. Bf2 Nh5 19. Ne3 Nf4 20. Nf5 Rd8 21. Bg3 Neg6
22. Nd5 Nxd5 23. exd5 Bf6 24. Bd3 Bc8 25. Re1+ Kf8 26. Ne3 Ne5 27. Re2 Kg7 28.
Rae1 Bd7 29. b3 Rb8 30. Bf5 Ng6 31. Bxd7 Qxd7 32. Bxd6 Rbe8 33. Bg3 Bd4 34. Kh1
Kh7 35. Qd3 Bxe3 36. Rxe3 Rxe3 37. Rxe3 Re8 38. Rxe8 Qxe8 39. Qf5 Kg8 40. d6
Nf8 41. Qf6 Qe6 42. Qd8 b5 43. axb5 axb5 44. d7 Qxd7 45. Qxd7 Nxd7 46. cxb5 Nb6
47. Bc7 Nd5 48. b6 Kh7 49. b7 Nxc7 50. b8=Q Ne6 51. Qe5 Kg6 52. g3 h5 53. f4
1-0

[Event "International Championship of Central S"]
[Site "Paracin"]
[Date "2014.07.05"]
[Round "2.39"]
[White "Dimic, Pavle"]
[Black "Brkic, Toma"]
[Result "1/2-1/2"]
[WhiteElo "2261"]
[BlackElo "2111"]
[PlyCount "86"]
[EventDate "2014.07.04"]

1. d4 Nf6 2. Nf3 e6 3. c4 d5 4. Nc3 c6 5. e3 Nbd7 6. Bd3 dxc4 7. Bxc4 b5 8. Be2
Bb7 9. O-O Be7 10. a3 O-O 11. e4 a6 12. b4 a5 13. Rb1 Qc7 14. Qc2 Rfc8 15. e5
Nd5 16. Nxd5 exd5 17. Ng5 Nf8 18. Bg4 Re8 19. Nh3 Bc8 20. Bxc8 Qxc8 21. Be3 Qd7
22. f4 f5 23. Nf2 g6 24. Rfc1 Rec8 25. h3 h5 26. Rb3 axb4 27. axb4 h4 28. Nd3
Ne6 29. Qc3 Ra6 30. Ra3 Rca8 31. Rca1 Qb7 32. R1a2 Ra4 33. Nb2 Bxb4 34. Qxb4
Rxb4 35. Rxa8+ Nf8 36. R2a7 Qxa7 37. Rxa7 Rxb2 38. Ra8 Kf7 39. Ra7+ Ke8 40.
Ra8+ Kf7 41. Ra7+ Ke8 42. Ra8+ Kf7 43. Ra7+ Ke8 1/2-1/2

[Event "International Championship of Central S"]
[Site "Paracin"]
[Date "2014.07.05"]
[Round "2.40"]
[White "Marjanovics, Annamaria"]
[Black "Dauletova, Gulmira"]
[Result "0-1"]
[WhiteElo "2051"]
[BlackElo "2252"]
[PlyCount "56"]
[EventDate "2014.07.04"]

1. e4 c5 2. Nf3 e6 3. d4 cxd4 4. Nxd4 a6 5. Nc3 Qc7 6. Bd3 Nf6 7. O-O d6 8. a4
b6 9. Kh1 Bb7 10. Qe2 Nbd7 11. Bd2 Be7 12. f4 Nc5 13. b4 Nxd3 14. cxd3 O-O 15.
Rfc1 Qd7 16. Be3 Rfc8 17. h3 Qd8 18. g4 e5 19. Nf5 exf4 20. Bxb6 Qe8 21. Kh2
Bf8 22. Bd4 Nd7 23. Qd2 Ne5 24. Rf1 g6 25. Nh4 Bg7 26. Ne2 d5 27. exd5 Qd8 28.
Ng2 f3 0-1

[Event "International Championship of Central S"]
[Site "Paracin"]
[Date "2014.07.05"]
[Round "2.41"]
[White "Livaja, Mario"]
[Black "Tisma, Ivan"]
[Result "1-0"]
[WhiteElo "2244"]
[BlackElo "2095"]
[PlyCount "43"]
[EventDate "2014.07.04"]

1. d4 Nf6 2. Nf3 g6 3. g3 Bg7 4. Bg2 O-O 5. O-O d6 6. c4 c6 7. b3 Bg4 8. Bb2
Bxf3 9. exf3 Nfd7 10. f4 Qc7 11. Re1 Re8 12. Nc3 a6 13. Qd2 Nf8 14. d5 Nbd7 15.
Re2 Nf6 16. Rae1 h5 17. f5 c5 18. fxg6 fxg6 19. Bh3 b5 20. cxb5 axb5 21. Nxb5
Qb7 22. Bxf6 1-0

[Event "International Championship of Central S"]
[Site "Paracin"]
[Date "2014.07.05"]
[Round "2.42"]
[White "Tomic, Aleksandar"]
[Black "Ketzetzis, Georgios"]
[Result "0-1"]
[WhiteElo "2019"]
[BlackElo "2225"]
[PlyCount "60"]
[EventDate "2014.07.04"]

1. d4 d5 2. Nf3 Nf6 3. Bf4 c5 4. c3 Qb6 5. Qb3 Nc6 6. e3 c4 7. Qc2 Bf5 8. Qc1
Nh5 9. Nbd2 f6 10. Bg3 e5 11. dxe5 Nxg3 12. hxg3 fxe5 13. Nh4 Be6 14. Ndf3 Bf7
15. Ng5 Qc7 16. Qc2 e4 17. O-O-O O-O-O 18. f4 g6 19. Be2 h5 20. Rde1 Bc5 21.
Bd1 Kb8 22. Kb1 Rd6 23. g4 hxg4 24. Bxg4 Bg8 25. g3 Qa5 26. Rd1 Ne7 27. Nxe4
dxe4 28. Rxd6 Bxd6 29. Qxe4 g5 30. Qd4 Qd5 0-1

[Event "International Championship of Central S"]
[Site "Paracin"]
[Date "2014.07.05"]
[Round "2.43"]
[White "Nielsen, Hogni Egilstoft"]
[Black "Magnusson, Roger"]
[Result "1-0"]
[WhiteElo "2212"]
[BlackElo "2000"]
[PlyCount "103"]
[EventDate "2014.07.04"]

1. e4 c5 2. Nf3 a6 3. c3 Nf6 4. d3 Nc6 5. Be2 d6 6. Nbd2 e6 7. Nf1 Be7 8. Ng3
b5 9. O-O Bb7 10. Bg5 O-O 11. h3 d5 12. Qc2 Rc8 13. Nh2 b4 14. f4 bxc3 15. bxc3
h6 16. Bh4 Qc7 17. Bxf6 Bxf6 18. Nh5 Be7 19. f5 g6 20. f6 gxh5 21. Qd2 Kh7 22.
Bxh5 Ne5 23. fxe7 Qxe7 24. exd5 Bxd5 25. Rae1 Ng6 26. c4 Ba8 27. Ng4 Qg5 28.
Nf6+ Kg7 29. Qb2 e5 30. Bxg6 Rb8 31. Qe2 fxg6 32. Nd7 Rxf1+ 33. Rxf1 Re8 34.
Qf2 Qf4 35. Qxf4 exf4 36. Nxc5 f3 37. gxf3 Re2 38. Rf2 Re1+ 39. Kg2 g5 40. Nxa6
h5 41. Nc5 g4 42. hxg4 hxg4 43. Ne4 Re3 44. Kg3 Rxd3 45. Kxg4 Rd4 46. Rc2 Bxe4
47. fxe4 Rxe4+ 48. Kf5 Re7 49. c5 Kf8 50. c6 Rc7 51. Ke6 Ke8 52. Kd6 1-0

[Event "International Championship of Central S"]
[Site "Paracin"]
[Date "2014.07.05"]
[Round "2.44"]
[White "Bernard, Jacques"]
[Black "Mulenko, Alexander"]
[Result "1/2-1/2"]
[WhiteElo "2198"]
[BlackElo "2000"]
[PlyCount "59"]
[EventDate "2014.07.04"]

1. e4 Nf6 2. e5 Nd5 3. Nc3 Nb6 4. a4 a5 5. d4 d6 6. Nf3 g6 7. Bf4 Bg7 8. Bb5+
c6 9. Bd3 O-O 10. Qe2 Na6 11. Rd1 Nb4 12. O-O Nxd3 13. Rxd3 Bf5 14. Rd2 Bg4 15.
b3 d5 16. h3 Bxf3 17. Qxf3 e6 18. Qe3 Nd7 19. Bh6 Qe7 20. Bxg7 Kxg7 21. Ne2 f6
22. exf6+ Qxf6 23. Nc1 e5 24. dxe5 Qxe5 25. Re2 Qxe3 26. Rxe3 Rae8 27. Rfe1
Rxe3 28. Rxe3 Kf7 29. Nd3 Re8 30. Rxe8 1/2-1/2

[Event "International Championship of Central S"]
[Site "Paracin"]
[Date "2014.07.05"]
[Round "2.45"]
[White "Persson, Richard"]
[Black "Drogovoz, Maria"]
[Result "1/2-1/2"]
[WhiteElo "2192"]
[BlackElo "1952"]
[PlyCount "176"]
[EventDate "2014.07.04"]

1. e4 c5 2. Nf3 d6 3. Bb5+ Nd7 4. O-O a6 5. Bd3 g6 6. c3 Bg7 7. Bc2 e5 8. a4
Ne7 9. Na3 O-O 10. Nc4 Nb6 11. d3 h6 12. Nxb6 Qxb6 13. Nd2 d5 14. exd5 Nxd5 15.
Nc4 Qc7 16. Re1 Bd7 17. a5 Rad8 18. Bd2 Bc6 19. g3 Rfe8 20. Qg4 Kh7 21. Qe2 f5
22. Qf1 Nf6 23. Re2 Bf3 24. Re3 Bc6 25. Re2 Bf3 26. Re3 Bc6 27. Rae1 Ng4 28.
R3e2 Bf3 29. h3 Bxe2 30. Qxe2 Nf6 31. Ba4 Re7 32. Qf1 Nd5 33. h4 b5 34. axb6
Nxb6 35. Bb3 Red7 36. Bc1 Rxd3 37. Bc2 R3d7 38. h5 Nxc4 39. hxg6+ Kxg6 40. Qxc4
e4 41. Qe6+ Bf6 42. Bf4 Qc8 43. g4 Rg7 44. Rxe4 Qxe6 45. Rxe6 Kf7 46. Bxf5 h5
47. f3 a5 48. Ra6 hxg4 49. fxg4 Be7 50. Rxa5 Rdg8 51. Kf2 Rxg4 52. Bxg4 Rxg4
53. Kf3 Rg8 54. Ke4 Rg2 55. Rb5 Rg4 56. Ke3 Rh4 57. Rb7 Rh3+ 58. Ke4 Ke6 59.
Rb6+ Kd7 60. Be5 Rh1 61. Kd5 Rd1+ 62. Kc4 Re1 63. Bg3 Rg1 64. Bh2 Rg2 65. Be5
Re2 66. Bb8 Rg2 67. Ba7 Rg4+ 68. Kb5 Rg2 69. Rb7+ Kd8 70. Bb6+ Ke8 71. b3 Rg3
72. Ba5 Rh3 73. Ka4 Rh4+ 74. c4 Rh1 75. Bc3 Rh2 76. Kb5 Rh3 77. Be5 Rxb3+ 78.
Kc6 Rxb7 79. Kxb7 Kd7 80. Kb6 Kc8 81. Kc6 Bh4 82. Kxc5 Bf2+ 83. Kc6 Be3 84. Bc7
Bd4 85. Bb6 Be5 86. Kd5 Bf4 87. Kc6 Be5 88. Ba7 Bf4 1/2-1/2